Bolivar

Salvato in:
Dettagli Bibliografici
Autore principale: Madariaga, Salvador de (autor)
Natura: Libro
Lingua:spagnolo
Pubblicazione: Buenos Aires Sudamericana 1959
Soggetti:
Tags: Aggiungi Tag
Nessun Tag, puoi essere il primo ad aggiungerne!!

MARC

LEADER 00000nam a2200000 a 4500
001 UCO5757
003 CL-VaPUC
008 000915e19590000AG |||||||||||||||||spa|d
082 0 4 |a 923.5  |b MAD  |2 21 
100 |a Madariaga, Salvador de  |e autor  |9 579873 
245 1 0 |a Bolivar 
300 |a v 
942 |c BK 
945 |d 20000915 00:00:00  |a crobeson 
260 |a Buenos Aires  |b Sudamericana  |c 1959 
600 0 |a Bolívar, Simón   |d 1783-1830  |9 265422 
650 0 |a Biografías  |9 255210 
650 7 |a LIBERTADORES  |2 CL-VaPUC  |9 317968 
583 |a last modification  |c 20000915 00:00:00  |k Rodrigo Vera 
999 |c 291587  |d 291585 
952 |0 0  |1 0  |2 ddc  |4 0  |6 923_500000000000000_MAD_1959  |7 0  |8 A  |9 341551  |a BIBART  |b BIBART  |d 2019-11-20  |h v.1  |i 1222252  |o 923.5 MAD 1959  |p 1222252  |r 2023-01-11  |w 2019-11-20  |y BK  |k ART 
952 |0 0  |1 0  |2 ddc  |4 0  |6 923_500000000000000_MAD_1959  |7 0  |8 A  |9 341552  |a BIBART  |b BIBART  |d 2019-11-20  |h v.2  |i 1222260  |o 923.5 MAD 1959  |p 1222260  |r 2023-01-11  |w 2019-11-20  |y BK  |k ART